| 000 | 00464nam a2200157 a 4500 | ||
|---|---|---|---|
| 005 | 20140310183300.0 | ||
| 008 | 041203s19uu xx 00 eng d | ||
| 050 |
_aHF 5548.4 _b.D671 2000 |
||
| 100 | _aDominguez-Madrid, Evangeline | ||
| 245 |
_aA simplified approach to MS EXCEL. / _cEvangeline Madrid- Dominguez |
||
| 300 |
_a137 p. : _bill. ; _c28 cm. |
||
| 521 | _aIT | ||
| 650 | _aMicrosoft Excel (Computer file). | ||
| 942 |
_cBK _2lcc _kLOC |
||
| 999 |
_c20939 _d20939 |
||